000 00349nam a2200133Ia 4500
008 150202s9999 xx 000 0 und d
020 _a671685430
050 _aFIC
_bFIC
100 _aCoyle, Harold.
245 _aBright star /
_cHarold Coyle.
260 _aNew York :
_bPocket Books,
_c1990.
300 _a496 pages :
_c18 cm.
650 _aFiction.
999 _c282075
_d282075